000 00570nam a2200193Ia 4500
001 14608
003 GE_BSU
008 181216s||||||||xx |||||||||||||| ||und||
040 _cGE_BSU
080 _a821.353.1-11
100 _aფირცხალაიშვილი,კალისტრატე
245 _aუცნაური ჟრიამული
260 _aთბილისი
260 _bფედერაცია
260 _c1933
300 _a24გვ.15სმ.
653 _aუცნაური ჟრიამული
942 _cBK
999 _c47737
_d47737